000 00201nam a22000977a 4500
082 _a894.812
_bPAN/K
100 _aPANICKAR, CHANGAMBUZHA
245 _aKALITHOZHI
650 _aMALAYALAM STORY
942 _cBK
999 _c7718
_d7718